000 00307nam a22001337a 4500
008 181016b xxu||||| |||| 00| 0 eng d
020 _a2901556644824
041 _aeng
080 _a616.053
100 _a8
101 _aPED
245 _aPediatric Medications A handbook
_cMiller.F
942 _2udc
_cBK
999 _c49942
_d49942